LEADER 01424nam a2200289 i 4500 001 000000122130 003 CaOOAMICUS 005 20040123000000.0 008 040123s1999 it u000 u ita u 013 $a94825 020 $a88-8290-082-7 040 $aSeMil$bita 245 10$aCalligrafia di Dio :$bla miniatura celebra la Parola /$cprogetto e coordinamento scientifico Giordana Canova Mariani ; catalogo a cura di Giordana Canova Mariani, Paola Ferraro Vettore. 260 $aModena :$bFranco Cosimo Panini,$cstampa 1999. 300 $a254 p. :$briccamente ill. ;$c32 cm. 500 $aContiene : Bibliografia. - Fondo Card. C.M. Martini. 650 4$aManoscritti miniati - Sec. 9.16. - Esposizioni - 1999.$0(OLS)http://semarc/subject/23149 650 4$aManoscritti liturgici - Sec. 9.-16. - Esposizioni - 1999.$0(OLS)http://semarc/subject/23150 700 1 $aFerraro Vettore, Paola.$0(OLS)http://semarc/name/50765 700 1 $aCanova Mariani, Giordana.$0(OLS)http://semarc/name/5922 850 $aSeMil 852 $aSeMil$W1$xVenegono$y1$m5G X 9$j77151$B77151$CSeMilBibl$Z2$F78858 $81 941 1 $a4 961 $aOmaggio: Martini Card. Carlo Maria 996 $6020$a88-8290-082-7$9(OLS)http://semarc/number/107824 996 $6245$aCalligrafia di Dio :$bla miniatura celebra la Parola$9(OLS)http://semarc/title/179954 996 $6260$aModena :$bFranco Cosimo Panini$9(OLS)http://semarc/publisher/32446 LEADER 01227nam a2200277 i 4500 001 000000178448 003 CaOOAMICUS 005 20090417000000.0 008 090417s2009 it u000 u ita u 013 $a156020 020 $a978-88-8123-580-3 040 $aSeMil$bita 100 1 $aTettamanzi, Dionigi,$c.$0(OLS)http://semarc/name/89456 245 10$aRicolmi dello Spirito :$bla vita nuova in Cristo : catechesi /$cDionigi Tettamanzi. 260 $aMilano :$bIn Dialogo,$c2009. 300 $a138 p. ;$c22 cm. 490 0 $aUomini e Parola ;$v7 600 04$aPaolo VI .$0(OLS)http://semarc/subject/713 650 4$aTettamanzi, Dionigi - Pastorale.$0(OLS)http://semarc/subject/30981 830 0$aUomini e Parola ;$v7.$0(OLS)http://semarc/title/19782 850 $aSeMil 852 $aSeMil$W1$xVenegono$y1$m2F III 306$j129225$B129225$CSeMilBibl$Z2$F141279 $81 961 $aOmaggio: Casa editrice 996 $6020$a978-88-8123-580-3$9(OLS)http://semarc/number/167445 996 $6245$aRicolmi dello Spirito :$bla vita nuova in Cristo : catechesi$9(OLS)http://semarc/title/256301 996 $6260$aMilano :$bIn Dialogo$9(OLS)http://semarc/publisher/31663